The urban environment (Record no. 106602)

MARC details
000 -LEADER
fixed length control field 01254cam a2200217 4500
001 - CONTROL NUMBER
control field L137024
008 - FIXED-LENGTH DATA ELEMENTS--GENERAL INFORMATION
fixed length control field 070309s2007 xxk f 000 0 eng d
020 ## - INTERNATIONAL STANDARD BOOK NUMBER
International Standard Book Number 9780101700924
035 ## - SYSTEM CONTROL NUMBER
System control number (Sirsi) u137024
041 0# - LANGUAGE CODE
Language code of text/sound track or separate title eng
110 2# - MAIN ENTRY--CORPORATE NAME
Corporate name or jurisdiction name as entry element Royal Commission on Environmental Pollution
9 (RLIN) 2335
245 04 - TITLE STATEMENT
Title The urban environment
Remainder of title 26th report
Medium [electronic resource]
260 ## - PUBLICATION, DISTRIBUTION, ETC.
Place of publication, distribution, etc. London
Name of publisher, distributor, etc. TSO
Date of publication, distribution, etc. 2007
505 2# - FORMATTED CONTENTS NOTE
Formatted contents note The urban environment -- Current context -- Health and wellbeing -- The natural urban environment -- The built urban environment -- Getting the framework right.
520 ## - SUMMARY, ETC.
Summary, etc. Considers UK policies on the urban environment and the situations they address. Identifies four priority themes: sustainable urban transport; sustainable urban management (Local Agenda 21, EMAS, indicators); sustainable urban construction (resource and energy efficiency, demolition waste, design issues); and sustainable urban design (land use-regeneration, brown field sites, urban sprawl, land use densities).
590 ## - LOCAL NOTE (RLIN)
Local note KA NTK
651 #4 - SUBJECT ADDED ENTRY--GEOGRAPHIC NAME
Geographic name United Kingdom
Chronological subdivision
690 ## - LOCAL SUBJECT ADDED ENTRY--TOPICAL TERM (OCLC, RLIN)
Topical term or geographic name as entry element ENVIRONMENTAL AND LAND CONSULTANCY-SUSTAINABILITY
856 48 - ELECTRONIC LOCATION AND ACCESS
Uniform Resource Identifier <a href="https://www.rcep.org.uk/urbanenvironment.htm">https://www.rcep.org.uk/urbanenvironment.htm</a>
Public note View the report free of charge online at www.rcep.org.uk...
942 ## - ADDED ENTRY ELEMENTS (KOHA)
Suppress in OPAC 0
Holdings
Withdrawn status Lost status Source of classification or shelving scheme Damaged status Not for loan Home library Current library Shelving location Date acquired Total Checkouts Full call number Barcode Date last seen Copy number Price effective from Koha item type
    Dewey Decimal Classification     Virtual Virtual Online 09/03/2007   ONLINE PUBLICATION 137024-1001 06/08/2019 1 06/08/2019 Book